| 000 | 01105nam a22002897a 4500 | ||
|---|---|---|---|
| 999 |
_c64290 _d64290 |
||
| 005 | 20240530110724.0 | ||
| 008 | 180410s2016 ua g b 001 1 ara d | ||
| 017 |
_a2016/19566 _bمصر. دار الكتب |
||
| 020 | _a9789779208046 | ||
| 040 |
_aEG-CaGPL _cEG-CaGPL |
||
| 082 | 0 | 4 |
_221 _a809 / _bم م |
| 100 | 0 | _aمكارم الغمرى | |
| 245 | 1 | 0 |
_aمؤثرات عربية واسلامية فى الادب الروسى / _cمكارم الغمرى |
| 250 | _aط.2 | ||
| 260 |
_aالقاهرة : _bالهيئة المصرية العامة للكتاب ، _c2016. |
||
| 300 |
_a303 ص. ؛ _c19 سم. |
||
| 504 | _aيشتمل على ارجاعات ببليوجرافية | ||
| 650 | 0 | 7 |
_2qrmak _aالادب المقارن |
| 650 | 0 | 7 |
_2qrmak _aالادب الروسى |
| 650 | 0 | 7 |
_2qrmak _aليرمونتوف |
| 650 | 0 | 7 |
_2qrmak _aجوميليوف |
| 650 | 0 | 7 |
_2qrmak _aالادب المقارن _xالعربى والروسى |
| 650 | 0 | 7 |
_2qrmak _aالادب المقارن _xالروسى والعربى |
| 651 | _2qrmak | ||
| 942 |
_2ddc _cBK |
||